000 01639cac a2200421 i 4500
003 EG-GICUC
005 20260121101643.0
008 850228c1994 mauar fr l 0 a0eng d
040 _aEG-GICUC
_beng
_cEG-GICUC
_dEG-GICUC
043 _an-us---
082 0 0 _a343.02.073
_221
092 0 4 _221
099 _aLaw 10 1994
245 0 0 _aFederal criminal code and rules.
250 _a1994 edition.
264 _aSt. Paul, Minn :
_bWest Publishing Company,
_c1994.
300 _axlix, 1289 pages ;
_c25 cm
336 _atext
_btxt
_2rdacontent
337 _aunmediated
_bn
_2rdamedia
338 _avolume
_bnc
_2rdacarrier
500 _aIncludes index.
588 _aLatest issue consulted: 1994 ed. (surrogate).
590 _aSERBIB/SERLOC merged record
650 0 _aCriminal procedure
_zUnited States.
650 0 _aCourt rules
_zUnited States.
650 0 _aCriminal law
_zUnited States.
650 0 _aEvidence (Law)
_zUnited States.
650 0 _aAppellate procedure
_zUnited States.
710 1 _aUnited States.
_bSupreme Court.
710 2 _aWest Publishing Company.
_1https://id.oclc.org/worldcat/entity/E39QQPVp836qBcQ7QXkGtvhb9t
710 1 _aUnited States.
_tLaws, etc. (U.S. Code)
776 0 8 _iOnline version:
_tFederal criminal code and rules
_w(OCoLC)721104772
780 0 0 _aUnited States.
_tFederal rules, criminal procedure, evidence, appellate procedure, title 18 U.S. code, crimes and criminal procedure, with consolidated index
_x0163-8254
_w(DLC) 78643753
_w(OCoLC)1891693
856 4 0 _uhttps://fll.law.cu.edu.eg/fulltext/bks/ENGB10-00147.pdf
905 _a10
942 _2ddc
_cBK
_e21
_n0
999 _c54319
_d54319